<?xml version="1.0" encoding="UTF-8"?><?xml-stylesheet type="text/xsl" href="static/style.xsl"?><OAI-PMH xmlns="http://www.openarchives.org/OAI/2.0/" xmlns:xsi="http://www.w3.org/2001/XMLSchema-instance" xsi:schemaLocation="http://www.openarchives.org/OAI/2.0/ http://www.openarchives.org/OAI/2.0/OAI-PMH.xsd"><responseDate>2026-04-17T15:04:19Z</responseDate><request verb="GetRecord" identifier="oai:www.recercat.cat:20.500.12328/3373" metadataPrefix="marc">https://recercat.cat/oai/request</request><GetRecord><record><header><identifier>oai:recercat.cat:20.500.12328/3373</identifier><datestamp>2025-05-16T12:49:29Z</datestamp><setSpec>com_2072_67741</setSpec><setSpec>col_2072_484355</setSpec></header><metadata><record xmlns="http://www.loc.gov/MARC21/slim" xmlns:dcterms="http://purl.org/dc/terms/" xmlns:xsi="http://www.w3.org/2001/XMLSchema-instance" xmlns:doc="http://www.lyncode.com/xoai" xsi:schemaLocation="http://www.loc.gov/MARC21/slim http://www.loc.gov/standards/marcxml/schema/MARC21slim.xsd">
   <leader>00925njm 22002777a 4500</leader>
   <datafield ind2=" " ind1=" " tag="042">
      <subfield code="a">dc</subfield>
   </datafield>
   <datafield ind2=" " ind1=" " tag="720">
      <subfield code="a">Doz Costa, Agustina</subfield>
      <subfield code="e">author</subfield>
   </datafield>
   <datafield ind2=" " ind1=" " tag="720">
      <subfield code="a">Rojas Ulloa, Amarilis</subfield>
      <subfield code="e">author</subfield>
   </datafield>
   <datafield ind2=" " ind1=" " tag="260">
      <subfield code="c">2022</subfield>
   </datafield>
   <datafield ind2=" " ind1=" " tag="520">
      <subfield code="a">DISIDENCIAS es un festival multidisciplinario de proximidad pensado para ser desarrollado en el Gran San Miguel de Tucumán. Con la vista clara en la celebración y visibilización de la cultura “Cuir” se proyecta a través de dos líneas principales, las cuales se enfocan en la co-creación del hecho y son: el trabajo con la comunidad lgbtiq+ de la ciudad y con los vecinos, vecinas y vecines de los barrios donde se desarrollará el mismo. Compuestas como cooperativa, las socias y encargadas del proyecto, planifican el trabajo conjunto con municipalidades y agrupaciones de militancia cuir de Tucumán; como parte de ello se plantea recuperar la utilización del espacio público como lugar de creación de identidad y comunidad, con una actividad artística-cultural-ideológica gratuita. Este proyecto se pensó con un claro objetivo social en busca de la transformación social y en vistas a una mayor aplicación de políticas públicas que contemplen nuestros públicos objetivos: la comunidad cuir y les vecines de los barrios.</subfield>
   </datafield>
   <datafield ind1="8" ind2=" " tag="024">
      <subfield code="a">http://hdl.handle.net/20.500.12328/3373</subfield>
   </datafield>
   <datafield tag="653" ind2=" " ind1=" ">
      <subfield code="a">Projecte cultural</subfield>
   </datafield>
   <datafield tag="653" ind2=" " ind1=" ">
      <subfield code="a">LQTBIQ+</subfield>
   </datafield>
   <datafield tag="653" ind2=" " ind1=" ">
      <subfield code="a">Plan de comunicación</subfield>
   </datafield>
   <datafield tag="653" ind2=" " ind1=" ">
      <subfield code="a">Proyecto cultural</subfield>
   </datafield>
   <datafield tag="653" ind2=" " ind1=" ">
      <subfield code="a">LQTBIQ+</subfield>
   </datafield>
   <datafield tag="653" ind2=" " ind1=" ">
      <subfield code="a">Plan de comunicación</subfield>
   </datafield>
   <datafield tag="653" ind2=" " ind1=" ">
      <subfield code="a">Cultural project</subfield>
   </datafield>
   <datafield tag="653" ind2=" " ind1=" ">
      <subfield code="a">LQTBIQ +</subfield>
   </datafield>
   <datafield tag="653" ind2=" " ind1=" ">
      <subfield code="a">Communication plan</subfield>
   </datafield>
   <datafield ind2="0" ind1="0" tag="245">
      <subfield code="a">Disidencias: festival cultural de proximidad cuir</subfield>
   </datafield>
</record></metadata></record></GetRecord></OAI-PMH>